| 000 | 00878nam a2200241Ia 4500 | ||
|---|---|---|---|
| 003 | Ost | ||
| 005 | 20260507075131.0 | ||
| 008 | 260507s9999||||xx |||||||||||||| ||und|| | ||
| 020 | _a3402849960 | ||
| 040 | _cfsecg | ||
| 041 | _aara | ||
| 082 | _a330 | ||
| 100 |
_aداولينغ، غراهام _eمؤلف |
||
| 245 | 0 |
_aتكوين مسمعة الشركة : _bالهوية والصورة والأداء / _c غراهام داولينغ |
|
| 260 |
_aالرياض: _bمكتبة العبيكان, _c2003 |
||
| 300 |
_a488 صفحة؛ _bإيضاحات ؛ _c24 سم |
||
| 520 | _aسمعة الشركة- العوامل المؤثرة في صورة الشركات- إدارة صورة الشركة وسمعتها. | ||
| 653 | _aالإدارة | ||
| 653 | _aالشركة | ||
| 653 | _aالهوية | ||
| 700 |
_aشحاتة، وليد _eمؤلف ثانوي |
||
| 942 | _cكتاب | ||
| 999 |
_c43212 _d43212 |
||